000 00557nam a2200169 i 4500
001 122817
003 ES-MaACL
005 20230906192039.0
007 t|
008 070214q1964 sp r ||||0| spa d
245 0 0 _aProductos químicos, abonos y papel.
260 _aMadrid :
_bComisaría del Plan de Desarrollo Económico y Social,
_c[1964?]
300 _a128 p ;
_c30 cm.
650 4 _aIndustria química-
_zEspaña.
_9140241
710 2 _aEspaña.
_bComisaría del Plan de Desarrollo Económico y Social.
_93631
852 _aES-MaACL
_jC-41459
_bR.72900
999 _c122817
_d122817